| 000 | 00580nam a22002297a 4500 | ||
|---|---|---|---|
| 001 | 14437 | ||
| 003 | BD-JhCC | ||
| 005 | 20251117103759.0 | ||
| 008 | 251117b |||||||| |||| 00| 0 eng d | ||
| 020 | _a9780141397689 | ||
| 035 | _a(BD-JhCC) 14437 | ||
| 040 |
_aBD-JhCC _dBD-JhCC |
||
| 041 | _aeng | ||
| 082 |
_223 _a398.369 _bSIN |
||
| 245 | _aSindbad the sailor / | ||
| 260 |
_a London: _bPenguin Classics, _c2015 |
||
| 300 |
_a55p.; _c17cm. _ePaper |
||
| 490 |
_aPenguin Little black classics _vN, 54 |
||
| 650 | _a Folklore | ||
| 650 | _aOcean Folklore | ||
| 942 |
_2ddc _cBK |
||
| 999 |
_c14437 _d14437 |
||